Journal of Research on Technology in Education : Fall 2011 /

Gespeichert in:
Bibliographische Detailangaben
Weitere Verfasser: Schrum, Lynne (edición) (edición)
Format: Buch
Sprache:Englisch
Veröffentlicht: Eugene, EUA : International Society for Technology in Education, 2011, c2011
Schlagworte:
Tags: Tag hinzufügen
Keine Tags, Fügen Sie das erste Tag hinzu!

MARC

LEADER 00000nam^a2200000^a^4500
001 000358279
005 20250521000000.0
009 20260310115323.935
022 |a 1539-1523 
025 |a Donación Juan Diego Castillo, 1 ejemplar 
037 |a Acervo ITESO - Biblioteca 
041 |a ING 
082 |a 370. 5  |b JOU V. 44 T. 1 
240 1 1 |a [Association for Educational Data Systems Journal] 
240 1 1 |a [Journal of Research on Computing in Education] 
240 1 1 |a [Journal of Research on Technology in Education] 
245 0 0 |a Journal of Research on Technology in Education :  |b Fall 2011 /  |c Ed. de L. Schrum. 
264 4 |a Eugene, EUA :  |b International Society for Technology in Education,  |c 2011, c2011 
300 |a 98 p. 
336 |a texto  |b txt  |2 rdacontenido 
337 |a sin mediación  |b n  |2 rdamedio 
338 |a volumen  |b nc  |2 rdasoporte 
649 |a XX 
650 |a Blogs (Internet) 
650 |a Medios Sociales (Internet) 
650 |a Computadoras en la Educación 
650 |a Tecnologías de Comunicación e Información -  |x Función Educativa-Cultural 
650 |a Tecnología Educativa -  |x Tema Principal 
650 |a Metodología Educativa 
650 |a Formación y Capacitación de Profesores 
650 |a Práctica Educativa 
650 |a Proceso Educativo 
650 |a Educación a Distancia 
650 |a Educación Intercultural 
650 |a Educación -  |x Teoría 
650 |a Educación -  |x Publicaciones Periódicas Norteamericanas -  |x Tema Principal 
650 |a Educación 
650 |a Publicaciones Periódicas Norteamericanas 
700 |a Schrum, Lynne  |e (edición) 
910 |a Fondo Castillo-Martínez 
920 |a Impresos - Libros 
930 |a Fondos Especiales 
905 |a 127 
901 |a 0500250659  |b IT2  |c ESP  |i D  |u 20250521 
902 |a https://opac.biblio.iteso.mx/vufind/Record/000358279